00458cam a2200181ua 45000010005000000080039000050200018000440400009000620410008000710820008000791000033000872450061001202500009001812600031001903000013002216530022002346530020002566999141118n ii |||gr||||Z||||||eng a9780195647655 cMAIN aeng a320 aChatterjee, Partha,eEditor. aState and politics in IndiacEdited by Partha Chatterjee a1st. aNew Delhi:bOxford,c2008. aix,576p. aPolitical science aIndian politics